El proceso monitorio /

Bewaard in:
Bibliografische gegevens
Hoofdauteur: Correa Delcasso, Juan Pablo (autor)
Formaat: Boek
Taal:Spaans
Gepubliceerd in: Barcelona, España : Bosch, 1998, c1998
Reeks:(Biblioteca de Derecho Procesal ; 77)
Onderwerpen:
Tags: Voeg label toe
Geen labels, Wees de eerste die dit record labelt!

MARC

LEADER 00000nam^a2200000^a^4500
001 000158958
005 20250521000000.0
009 20260310100631.047
020 |a 84-7698-459-6 
037 |a Acervo ITESO - Biblioteca 
041 |a ESP 
082 |a 347. 40  |b COR 
100 |a Correa Delcasso, Juan Pablo  |e (autor) 
245 1 3 |a El proceso monitorio /  |c J.P. Correa Delcasso ; pról. de Manuel Serra Domínguez. 
264 4 |a Barcelona, España :  |b Bosch,  |c 1998, c1998 
300 |a 464 p. 
336 |a texto  |b txt  |2 rdacontenido 
337 |a sin mediación  |b n  |2 rdamedio 
338 |a volumen  |b nc  |2 rdasoporte 
440 1 |a (Biblioteca de Derecho Procesal ;  |v 77) 
649 |a XX 
650 |a Derecho Procesal -  |z España 
650 |a Derecho Procesal -  |z Alemania 
650 |a Derecho Procesal -  |z Francia 
650 |a Derecho Procesal -  |z Italia 
650 |a Derecho Procesal -  |z Europa 
650 |a Derecho Público -  |z España 
650 |a Derecho Público -  |z Alemania 
650 |a Derecho Público -  |z Francia 
650 |a Derecho Público -  |z Italia 
650 |a Derecho Público -  |z Europa 
650 |a Derecho Comparado 
910 |a Fondo General 
920 |a Impresos - Libros 
930 |a Colección General 
905 |a 101 
901 |a 0500090929  |b IT1  |c ACC  |u 20250521 
902 |a https://opac.biblio.iteso.mx/vufind/Record/000158958